01760nam a2200337 a 450000100100000000500170001000800410002702000190006802000180008708200110010510000300011624502270014626000530037330000240042649000100045050500530046059000260051370000360053970000430057570000250061871000600064383000170070395201140072095201140083495201080094895201140105695201080117095201140127899900170139204000130140900004793920201002060822.0150602s2016 dr a 000 0 spa d a97899455959864 a9789945599794 axxbxx1 aCastro, Víctoria97548410aInformática interactiva 4 :bCarto grado, Segundo ciclo educación primaria /cVíctoria Castro ; corrección de texto Danilda Pérez ; producción editorial María del Jesús de la Rosa ; ilustraciones Henry Cid. aSanto Domingo :bActualidad escolar 2000,c2016. av. :bil. ;c28 cm. aVeraz0 av. 1 :tlibro de textogv. 2tlibro del maestro. aInventariado, 2018/VM1 aPérez, Danildaecoorr.9737781 aJesús de la Rosa, María del9298331 aCid, Henryeil.93462 aActualidad escolar 2000,(República Dominicana)97548500aVeraz974848 0010718PDaGRbGRcHDd2018-10-04iLF1l0ov. 1, e. 3p47939-30r2020-06-25w2020-06-25yLFPDZNo se presta 0010718PDaGRbGRcHDd2018-11-20iLF1l0ov. 2, e. 3p47939-40r2020-06-25w2020-06-25yLFPDZNo se presta 0010718PDaPDbPDcHDd2018-10-04iLF1l0oV. 1p47939-10r2020-06-25w2020-06-25yLFPDZNo se presta 0010718PDaPDbPDcHDd2018-10-04iLF1l0ov. 1, e. 2p47939-20r2020-06-25w2020-06-25yLFPDZNo se presta 0010718PDaPDbPDcHDd2018-11-20iLF1l0oV. 2p47939-50r2020-06-25w2020-06-25yLFPDZNo se presta 0010718PDaPDbPDcHDd2018-11-20iLF1l0ov. 2, e. 2p47939-60r2020-06-25w2020-06-25yLFPDZNo se presta c47427d47427 aDO-SdBNP